000 00340pam a2200157a 44500
008 230515b1986 xxu||||| |||| 00| 0 eng d
020 _aNULL
041 _aENGL
082 _a005.7565 /WIL
100 _aWILLIAMS R.
245 _aMANUAL DBASE-3
250 _aN.D.
260 _aNULL
_bB.P.B
_c1986
300 _a233 PB
650 _aNULL
999 _c622382
_d622382